Kratší pracovný čas zamestnanca

Pracovný čas predstavuje časový úsek, v ktorom je zamestnanec k dispozícii zamestnávateľovi, vykonáva prácu a plní povinnosti v súlade s pracovnou zmluvou. Na účely určenia rozsahu pracovného času a rozvrhnutia pracovného času je týždňom sedem po sebe nasledujúcich dní. Uvedené platí v zmysle § 85 o...

Descrizione completa

Salvato in:
Dettagli Bibliografici
Autore principale: Mintál, Ján
Natura: Capitolo di libro
Lingua:slovacco
Soggetti:
Tags: Aggiungi Tag
Nessun Tag, puoi essere il primo ad aggiungerne!!

MARC

LEADER 00000naa a2200000 4500
001 0304130
005 20240909101426.4
041 0 |a slo 
044 |a SK 
245 1 0 |a Kratší pracovný čas zamestnanca  |c Ján Mintál 
520 |a Pracovný čas predstavuje časový úsek, v ktorom je zamestnanec k dispozícii zamestnávateľovi, vykonáva prácu a plní povinnosti v súlade s pracovnou zmluvou. Na účely určenia rozsahu pracovného času a rozvrhnutia pracovného času je týždňom sedem po sebe nasledujúcich dní. Uvedené platí v zmysle § 85 ods. 1 a ods. 3 zákona č. 311/2001 Z. z. Zákonníka práce v znení neskorších predpisov. 
610 2 0 |a čas pracovný 
610 2 0 |a zamestnanci 
610 2 0 |a zmluvy pracovné 
610 2 0 |a právo pracovné 
610 2 0 |a zamestnávatelia 
610 2 0 |a zákonník práce 
100 1 |a Mintál, Ján